000 00668nam a2200217Ia 4500
003 GCL
008 140319s9999 xx 000 0 ara d
040 _aGCL /
_cGCL
082 0 4 _a811.2
_bا د
100 1 _aابن الطفيل العامرى، عامر
245 1 0 _aديوان عامر بن الطفيل /
_cابن الطفيل العامرى، عامر
260 _a[S.N] :
_bدار الصادر ،
_c1979
300 _a146 ص
490 _a
650 0 4 _aالشعر العربى
650 0 4 _aالادب العربى
650 0 4 _aدواوين وقصائد
650 0 4 _aعامر بن الطفيل
650 0 4 _aتاريخ ونقد
942 _2ddc
_cBK
999 _c31336
_d31336